000 00236 a2200097 4500
001 13105
100 _aMadaan,A.
245 _aIllustrated world of Internet and E-Commerce
260 _a
_bDreamland Publications
_c
090 _c10107
_d10107
942 _aNUST-CAE
_cM
_c123
999 _c248178
_d248178